000 00607nam a22001817a 4500
008 160725b xxu||||| |||| 00| 0 eng d
020 _a0-07-124878-1
082 _22006
_aDC 612
_bG95a
100 _911930
_aGunstream, Stanley E.
245 _aAnatomy & physiology with integrated study guide/
_cStanley E. Gunstream.
250 _a3rd edition
260 _aBoston:
_bMcGraw-Hill Higher Education,
_cc2006.
300 _aix, 545 pages:
_billustrations;
_c26 cm.
500 _aIncludes bibliographical references and index.
650 0 _911931
_aPhysiology
365 _aPhp
_b478.00
942 _2ddc
_cDC
999 _c3584
_d3584